The banks valuation handbook : A market-based approach to valuing a bank
| Main Author: | |
|---|---|
| Format: | Book |
| Published: |
London :
Irvin Professional Publishing ,
1996
|
| Edition: | 2nd ed. |
| Subjects: |
MARC
| LEADER | 00000cam a2200000 7i4500 | ||
|---|---|---|---|
| 001 | 0000003527 | ||
| 005 | 20050422.0 | ||
| 020 | |a 1557387958 | ||
| 040 | |a INS | ||
| 090 | 0 | 0 | |a HG1707.7. |b J64 1996 |
| 100 | 1 | |a Johnson, Hazel J. | |
| 245 | 1 | 4 | |a The banks valuation handbook : |b A market-based approach to valuing a bank |c Hazel J. Johnson |
| 250 | |a 2nd ed. | ||
| 260 | |a London : |b Irvin Professional Publishing , |c 1996 | ||
| 300 | |a 329p. | ||
| 650 | 0 | 0 | |a Bank and banking |x valuation |
| 650 | 0 | 0 | |a Fair value |x accounting |
| 999 | |a 0000006751 |b BOOK |c Open Shelf |e Default branch | ||